000 03834nam a2200433 c 4500
003 BLK
005 20241113095425.0
008 180410b bul|||||r ||||||| ||bul||
010 _aKNG00165473000
020 _a978-619-152-194-4
_bиздат.: Изток-Запад - (подв.)
040 _aBLK
041 _aBUL
_cBUL
072 7 _2bullib
_aН82
_xЛитературознание Н
080 _aБългарска литература
_b821.163.2
_x(092)
_z821.163.2(092)
080 _aОргани на обществения ред. Полиция. Обществена власт. Доброволни отреди. Държавна сигурност. Милиция. Дейност на полицията по вътрешно разузнаване
_b351.74
_x(497.2)
_z351.74(497.2)
080 _aДимитър Стефанов Стоянов. Български писател, поет, сатирик и дисидент
_b929 Ралин, Радой
_x
_z929 Ралин, Радой
100 1 _aСтоянова, Таня
_eпърви автор
_9381459
700 1 _aСтоянов, Стефан Димитров
_eсъавт.
_9334097
139 _aСтоянова, Таня и др.
_bР 32
245 1 0 _aРадой
_bСмутителят на реда и тоягата на властта
_cТаня Стоянова; съавт. Стефан Димитров Стоянов.
257 _aBGR
260 София
_bИзток-Запад
_c2013
300 _a728 с.
_bс портр., ил., факс.
_c25 см
_eCD
380 _a82
500 _aПрил. е CD със загл. 80 минути с Радой и сигн. CD 3818. - Съдържа и за авт.
600 1 4 _aРалин, Радой
_d23.04.2922 – 21.07.2004
_gРадой Ралин е псевдоним на Димитър Стоянов – български писател, поет, сатирик, дисидент, известен с творчество, изтъкващо ценностите на свободата. Правнук е на Таньо Стоянов, който е сподвижник на Васил Левски и приятел на Стефан Караджа. Сатиричните творби на Ралин са изключително популярни. Характерна за епиграмното му изкуство е книгата „Люти чушки“, изгорена през 1968 г. в пещите на Полиграфическия комбинат в София, с няколко издания в чужбина на български език. Радой Ралин възражда нетрадиционните за българската сатира кратки жанрови форми – апострофа, афоризма, сатиричната парабола; разширява жанровата територия на съвременната сатира, вътрешновидовото богатство с уникалните си думи – хибриди. Ралин работи активно във всички жанрове на сатиричното изкуство. Член на Съюза на българските писатели.
_qРадой Ралин
_9243655
650 4 _aРалин, Радой
_9243655
650 4 _aДържавна сигурност - България
_9254494
650 4 _aПолитически репресии - България
_9273695
651 4 _aБългария
_9241624
653 _aРадой Ралин
659 _aН
852 _aЦб 270996
856 4 _qpdf
_u
856 4 _qpdf
_u
942 _cKNG
_n0
_09
944 _aCR
_c01.10.2014
_lМинев Младен
_k30530
944 _aED
_c03.12.2014
_lф /
_kЛюдмила_Стоянова
999 _c158428
_d158428